000 01077nac a22003377a 4500
001 BR7806872
003 BR-BrBNA
005 20240105114333.0
008 230509b bl.|||m| |||| 00| 0 por d
040 _aBR-BrBNA
_bpor
_cBiblioteca Nacional de Agricultura
072 _aE70; E10; P05
090 _aE70 BR7806872
110 1 _aMinisterio das Relacoes Exteriores, Brasilia, DF (Brasil). Depto. Economico
_97088
245 1 _aReservado no. 05, dezembro de 1978 [Ministerio das Relacoes Exteriores, Brasil]
260 3 _aBrasilia, DF (Brasil):
_c1978.
300 _a28 p.
490 _aResenha Mensal - Ministerio das Relacoes Exteriores. Depto. Economico (Brazil)
_vno. 5
_x
650 _aRECURSO NATURAL
650 _aRECURSO ENERGETICO
650 _aMINERAL
650 _aPETROLEO
650 _aENERGIA NUCLEAR
650 _aPOLITICA COMERCIAL
650 _aIMPORTACAO
650 _aEXPORTACAO
650 _aFINANCIAMENTO
650 _aTRANSPORTE
650 _aCOMUNICACAO
909 _a202312
_bLúcia Elande
_c55
_dLúcia Elande
942 _2AGRIS
_n0
_cMS
999 _c268754
_d268754